000 01172cab a22001935a 4500
001 L156805
008 120716e2012 xxk 000 0 eng d
035 _a(Sirsi) u156805
041 0 _aeng
245 0 0 _aPCE Investors Ltd v Cancer Research UK Ltd
_h[electronic resource]
260 _c2012
520 _a[2012] EWHC 884 (Ch), 4 April 2012. Considers whether a landlord owes any duty to assist a tenant to exercise the break correctly. Tenant claimant P served a break notice on the defendant landlord C. C demanded rent due for the whole quarter two weeks before the break data. Thinking that it only had to pay rents up to the break date P wrote to C to get confirmation but C failed to reply before the break date passed. P contended that C owed it a duty to point out its error. "Held": found in favour of C: C had no such duty. P chose to take the risk of only paying up to the break date.
590 _aKA
650 2 4 _aPCE INVESTORS LTD V CANCER RESEARCH UK
651 4 _aEngland and Wales
_y1543-
690 _aLandlord and tenant
_96252
856 4 0 _uhttps://www.bailii.org/ew/cases/EWHC/Ch/2012/884.html
_zView the decision at www.bailii.org
942 _n0
999 _c84164
_d84164